| 000 | 00440nam a2200181Ia 4500 | ||
|---|---|---|---|
| 001 | 19272 | ||
| 005 | 20260306171732.0 | ||
| 008 | 260306s9999||||xx |||||||||||||| ||und|| | ||
| 041 | _aESP | ||
| 082 |
_a658.827 _bO44 |
||
| 100 |
_aOlivares, Luciana _eAUT |
||
| 245 | 0 |
_aTrío: _bel tríangulo amoroso de las marcas |
|
| 260 | _c2013 | ||
| 300 |
_a127 páginas : _c23 cm. |
||
| 650 | _aGEN | ||
| 654 | _aCAN | ||
| 942 |
_cLIB _dJUS _fJUS _2ddc _n |
||
| 999 |
_c19272 _d19272 |
||